000 00518nam a22001937a 4500
003 OSt
005 20151105124411.0
008 151105b xxu||||| |||| 00| 0 eng d
020 _a0071007768;
040 _cDDC
082 _25th ed
_a658.4;
_b.COO, 1990;
100 _aKOONTS, HAROLD;WEIHRICH HEINZ;
_95996
245 _aEssentials of management;
260 _aNew York;
_bMcGraw-Hill;
_c1990;
300 _axxv,530p;
_bill;
_c32cm;
504 _aincludes index;
650 _aManagement;
_9364
942 _2ddc
_cSLOAN
999 _c2429
_d2429